Teória a prax manažmentu na prahu 21. storočia. Svetové trendy a domáca realita. (Vedecký seminár)

Katedra manažmentu FPM EU a Centrum ďalšieho vzdelávania EU usporiadali 31. marca 1999 vedecký seminár pod názvom Teória a prax manažmentu na prahu 21. storočia s podtitulom Svetové trendy a domáca realita. Prednesené príspevky budú uverejnené v zborníku.

Gespeichert in:
Bibliographische Detailangaben
1. Verfasser: Slávik, Štefan, 1955-
Format: Buchkapitel
Sprache:Slowakisch
Schlagworte:
Tags: Tag hinzufügen
Keine Tags, Fügen Sie das erste Tag hinzu!

MARC

LEADER 00000naa a2200000 4500
001 r035393
005 20240502071332.5
041 0 |a slo 
044 |a SK 
245 1 0 |a Teória a prax manažmentu na prahu 21. storočia. Svetové trendy a domáca realita. (Vedecký seminár)  |c Štefan Slávik 
520 |a Katedra manažmentu FPM EU a Centrum ďalšieho vzdelávania EU usporiadali 31. marca 1999 vedecký seminár pod názvom Teória a prax manažmentu na prahu 21. storočia s podtitulom Svetové trendy a domáca realita. Prednesené príspevky budú uverejnené v zborníku. 
610 2 0 |a manažment 
610 2 0 |a teória riadenia 
610 2 0 |a semináre 
610 2 0 |a riadenie strategické 
610 2 0 |a technológie informačné 
610 2 0 |a manažéri 
610 2 0 |a vzdelávanie 
100 1 |a Slávik, Štefan, 1955-